Social England; a record of the progress of the people in religion, laws, learning, arts, industry, commerce, science, literature and manners, from the earliest times to the present day,

Saved in:
Bibliographic Details
Main Author: Traill, H. D. (Henry Duff), 1842-1900 (ed.)
Other Authors: Mann, James Saumarez, 1851- (joint ed.)
Format: Book
Language:English
Published: New York, Greenwood Press [1969]
Subjects:
LEADER 02547nam a2200409 4500
001 c000134856
003 CARM
005 00000000000000.0
008 710329r19691902nyuabcg b 00110 eng
019 1 |a 33204  |5 LACONCORD2021 
020 |a 0837119642 
035 |a (OCoLC)128371  |5 LACONCORD2021 
043 |a e-uk--- 
050 0 0 |a DA110  |b .T752 
100 1 |a Traill, H. D.  |q (Henry Duff),  |d 1842-1900.  |e ed. 
245 1 0 |a Social England;  |b a record of the progress of the people in religion, laws, learning, arts, industry, commerce, science, literature and manners, from the earliest times to the present day,  |c edited by H. D. Traill and J. S. Mann. 
260 |a New York,  |b Greenwood Press  |c [1969] 
300 |a 6 v.  |b illus. (incl. music), maps, ports.  |c 23 cm. 
500 |a Reprint of the 1902-04 ed. 
504 |a Includes bibliographical references. 
505 0 |a v. 1. From the earliest times to the accession of Edward the First.--v. 2. From the accession of Edward the First to the death of Henry the Seventh.--v. 3. From the accession of Henry the Eighth to the death of Elizabeth.--v. 4. From the accession of James the First to the death of Anne.--v. 5. From the accession of George the First to the Battle of Waterloo.--v. 6. From the Battle of Waterloo to the general election of 1885. 
651 0 |a Great Britain  |x Civilization. 
700 1 |a Mann, James Saumarez,  |d 1851-  |e joint ed. 
852 8 |b CARM  |h A2:AF03A0  |i B01066  |p 0055133  |f BK 
852 8 |b CARM  |h A2:AF03A0  |i B01066  |p 0055135  |f BK 
852 8 |b CARM  |h A2:AF01C0  |i B01033  |p 0055114  |f BK 
852 8 |b CARM  |h A2:AF01C0  |i B01033  |p 0055116  |f BK 
852 8 |b CARM  |h A2:AF01C0  |i B01033  |p 0055118  |f BK 
852 8 |b CARM  |h A2:AF01C0  |i B01033  |p 0055120  |f BK 
082 0 4 |a 914.2/03 
999 f f |i 5f4836ed-fd79-5aed-b11c-48fb3f124337  |s 241a7bb1-95e0-54be-b041-a2caee43d413 
952 f f |p Can circulate  |a CAVAL  |b CAVAL  |c CAVAL  |d CARM 1 Store  |e B01033  |f A2:AF01C0  |h Other scheme  |i book  |j v.5 held  |m 0055118 
952 f f |p Can circulate  |a CAVAL  |b CAVAL  |c CAVAL  |d CARM 1 Store  |e B01066  |f A2:AF03A0  |h Other scheme  |i book  |j v.2 held  |m 0055135 
952 f f |p Can circulate  |a CAVAL  |b CAVAL  |c CAVAL  |d CARM 1 Store  |e B01033  |f A2:AF01C0  |h Other scheme  |i book  |j v.6 held  |m 0055120 
952 f f |p Can circulate  |a CAVAL  |b CAVAL  |c CAVAL  |d CARM 1 Store  |e B01033  |f A2:AF01C0  |h Other scheme  |i book  |j v.4 held  |m 0055116 
952 f f |p Can circulate  |a CAVAL  |b CAVAL  |c CAVAL  |d CARM 1 Store  |e B01066  |f A2:AF03A0  |h Other scheme  |i book  |j v.1 held  |m 0055133 
952 f f |p Can circulate  |a CAVAL  |b CAVAL  |c CAVAL  |d CARM 1 Store  |e B01033  |f A2:AF01C0  |h Other scheme  |i book  |j v.3 held  |m 0055114